[Event "Bundesliga 0102"]
[Site "Deutschland"]
[Date "2001.10.06"]
[Round "1.3"]
[White "Ftacnik, Lubomir"]
[Black "Kengis, Edvins"]
[Result "1/2-1/2"]
[WhiteElo "2580"]
[BlackElo "2572"]
[PlyCount "59"]
[EventDate "2001.10.06"]
[EventType "team"]
[EventRounds "15"]
[EventCountry "GER"]
[SourceTitle "Bundesliga 0102"]
[Source "DeepChess"]
[SourceDate "2005.01.01"]
[SourceVersion "1"]
[SourceVersionDate "2005.01.01"]
[SourceQuality "1"]
[WhiteTeam "Hamburger SK 1830 e.V."]
[BlackTeam "Godesberger SK 1929"]
[WhiteTeamCountry "GER"]
[BlackTeamCountry "GER"]

1. Nf3 b6 2. c4 Bb7 3. Nc3 e6 4. g3 Bxf3 5. exf3 c5 6. f4 Nc6 7. Bg2 g6 8. b3
Bg7 9. Bb2 Nge7 10. Qb1 O-O 11. Ne2 Bxb2 12. Qxb2 d5 13. d4 dxc4 14. dxc5 bxc5
15. bxc4 Rb8 16. Qc3 Qb6 17. O-O Nf5 18. Qf6 Ncd4 19. Nc3 Nd6 20. Rab1 Qa5 21.
Rxb8 Rxb8 22. Qe5 Rb6 23. Ne4 Nxe4 24. Bxe4 Qb4 25. h4 Qxc4 26. h5 Ne2+ 27. Kh2
Qd4 28. Qc7 Qd6 29. Qxa7 Rb7 30. Qxb7 1/2-1/2

[Event "Bundesliga 0102"]
[Site "Deutschland"]
[Date "2001.10.06"]
[Round "1.4"]
[White "Kveinys, Aloyzas"]
[Black "Hansen, Sune Berg"]
[Result "1-0"]
[WhiteElo "2535"]
[BlackElo "2536"]
[PlyCount "115"]
[EventDate "2001.10.06"]
[EventType "team"]
[EventRounds "15"]
[EventCountry "GER"]
[SourceTitle "Bundesliga 0102"]
[Source "DeepChess"]
[SourceDate "2005.01.01"]
[SourceVersion "1"]
[SourceVersionDate "2005.01.01"]
[SourceQuality "1"]
[WhiteTeam "Godesberger SK 1929"]
[BlackTeam "Hamburger SK 1830 e.V."]
[WhiteTeamCountry "GER"]
[BlackTeamCountry "GER"]

1. e4 c5 2. Nf3 d6 3. d4 cxd4 4. Nxd4 Nf6 5. Nc3 g6 6. h3 Bg7 7. Bc4 O-O 8. O-O
Nc6 9. Re1 Bd7 10. Bb3 Nxd4 11. Qxd4 Bc6 12. Qe3 Nd7 13. Bd2 Nc5 14. Rad1 Rc8
15. Bd5 e6 16. Bxc6 bxc6 17. Bc1 f5 18. e5 f4 19. Qd4 Qb6 20. Qxd6 Rcd8 21. Qe7
Rde8 22. Qh4 Rf5 23. Ne4 Nxe4 24. Rxe4 g5 25. Qh5 Ref8 26. b3 Qc5 27. Rc4 Qxe5
28. Ba3 Ra8 29. Qf3 Qb5 30. Rxc6 Re8 31. Rc7 Rf7 32. Rxf7 Kxf7 33. c4 Qf5 34.
Qh5+ Qg6 35. Rd7+ Kg8 36. Qxg6 hxg6 37. Kf1 e5 38. Bb2 Bf8 39. Rd5 e4 40. Ke2
Bh6 41. Bd4 Re7 42. Bf6 f3+ 43. gxf3 exf3+ 44. Kd3 Re2 45. Bd4 Rxa2 46. Rd8+
Kf7 47. Rd7+ Ke8 48. Rxa7 Re2 49. Ra6 g4 50. hxg4 Rd2+ 51. Ke4 Bg5 52. Rxg6 Bh4
53. Be3 Rb2 54. Kxf3 Rxb3 55. c5 Be7 56. Ke4 Kf7 57. Ra6 Rb4+ 58. Kf5 1-0

[Event "Bundesliga 0102"]
[Site "Deutschland"]
[Date "2001.10.06"]
[Round "1.5"]
[White "Wahls, Matthias"]
[Black "Langheinrich, Ferenc"]
[Result "1-0"]
[WhiteElo "2580"]
[BlackElo "2398"]
[PlyCount "59"]
[EventDate "2001.10.06"]
[EventType "team"]
[EventRounds "15"]
[EventCountry "GER"]
[SourceTitle "Bundesliga 0102"]
[Source "DeepChess"]
[SourceDate "2005.01.01"]
[SourceVersion "1"]
[SourceVersionDate "2005.01.01"]
[SourceQuality "1"]
[WhiteTeam "Hamburger SK 1830 e.V."]
[BlackTeam "Godesberger SK 1929"]
[WhiteTeamCountry "GER"]
[BlackTeamCountry "GER"]

1. c4 Nf6 2. Nc3 g6 3. g3 Bg7 4. Bg2 O-O 5. d3 e5 6. e4 Nc6 7. Nge2 Nh5 8. O-O
d6 9. Nd5 f5 10. exf5 Bxf5 11. h3 Bd7 12. g4 Nf6 13. Bg5 Qc8 14. Qd2 Nxd5 15.
cxd5 Nd4 16. Nxd4 exd4 17. Rac1 Rf7 18. Rc2 a5 19. Be4 Bxg4 20. hxg4 Qxg4+ 21.
Bg2 Rf5 22. f4 h6 23. Be7 Re8 24. Qe2 Qxe2 25. Rxe2 Kf7 26. Bh3 Rxe7 27. Rxe7+
Kxe7 28. Bxf5 gxf5 29. Re1+ Kf7 30. Rc1 1-0

[Event "Bundesliga 0102"]
[Site "Deutschland"]
[Date "2001.10.06"]
[Round "1.8"]
[White "Seger, Ruediger"]
[Black "Reeh, Oliver"]
[Result "1/2-1/2"]
[WhiteElo "2400"]
[BlackElo "2416"]
[PlyCount "26"]
[EventDate "2001.10.06"]
[EventType "team"]
[EventRounds "15"]
[EventCountry "GER"]
[SourceTitle "Bundesliga 0102"]
[Source "DeepChess"]
[SourceDate "2005.01.01"]
[SourceVersion "1"]
[SourceVersionDate "2005.01.01"]
[SourceQuality "1"]
[WhiteTeam "Godesberger SK 1929"]
[BlackTeam "Hamburger SK 1830 e.V."]
[WhiteTeamCountry "GER"]
[BlackTeamCountry "GER"]

1. e4 c5 2. c3 d5 3. exd5 Qxd5 4. d4 Nf6 5. Nf3 Bg4 6. Be2 e6 7. h3 Bh5 8. O-O
Nc6 9. Be3 cxd4 10. Nxd4 Bxe2 11. Qxe2 Nxd4 12. Bxd4 Be7 13. Rd1 Qc6 1/2-1/2

[Event "Bundesliga 0102"]
[Site "Deutschland"]
[Date "2001.10.06"]
[Round "1.6"]
[White "Andersson, Ulf"]
[Black "Hodgson, Julian M"]
[Result "1/2-1/2"]
[WhiteElo "2601"]
[BlackElo "2581"]
[PlyCount "49"]
[EventDate "2001.10.06"]
[EventType "team"]
[EventRounds "15"]
[EventCountry "GER"]
[SourceTitle "Bundesliga 0102"]
[Source "DeepChess"]
[SourceDate "2005.01.01"]
[SourceVersion "1"]
[SourceVersionDate "2005.01.01"]
[SourceQuality "1"]
[WhiteTeam "SG Porz e.V."]
[BlackTeam "Luebecker SV von 1873 "]
[WhiteTeamCountry "GER"]
[BlackTeamCountry "GER"]

1. Nf3 d6 2. d4 Bg4 3. e4 Nf6 4. Nc3 e6 5. Be2 c6 6. O-O d5 7. Ne5 Bxe2 8. Qxe2
dxe4 9. Nxe4 Nxe4 10. Qxe4 Nd7 11. Re1 Nf6 12. Qd3 Be7 13. Bg5 O-O 14. Rad1 Nd7
15. Bf4 Nxe5 16. Bxe5 Qa5 17. a3 Rfe8 18. Qg3 f6 19. Bd6 Bxd6 20. Qxd6 Rad8 21.
Qb4 Qxb4 22. axb4 Kf7 23. Kf1 Rd5 24. c3 e5 25. dxe5 1/2-1/2

[Event "Bundesliga 0102"]
[Site "Deutschland"]
[Date "2001.10.06"]
[Round "1.8"]
[White "Graf, Alexander"]
[Black "Hansen, Lars Bo"]
[Result "1/2-1/2"]
[WhiteElo "2610"]
[BlackElo "2586"]
[PlyCount "36"]
[EventDate "2001.10.06"]
[EventType "team"]
[EventRounds "15"]
[EventCountry "GER"]
[SourceTitle "Bundesliga 0102"]
[Source "DeepChess"]
[SourceDate "2005.01.01"]
[SourceVersion "1"]
[SourceVersionDate "2005.01.01"]
[SourceQuality "1"]
[WhiteTeam "SG Porz e.V."]
[BlackTeam "Luebecker SV von 1873 "]
[WhiteTeamCountry "GER"]
[BlackTeamCountry "GER"]

1. d4 d5 2. c4 c6 3. Nc3 Nf6 4. cxd5 cxd5 5. Bf4 Nc6 6. e3 a6 7. f3 g6 8. Bd3
Bg7 9. Nge2 O-O 10. O-O Re8 11. Kh1 b5 12. Bg5 h6 13. Bh4 Bb7 14. Nc1 Na5 15.
Nb3 Nc4 16. Qe2 e5 17. Qf2 Qb6 18. Rae1 Bc6 1/2-1/2

[Event "Bundesliga 0102"]
[Site "Deutschland"]
[Date "2001.10.06"]
[Round "1.1"]
[White "Khenkin, Igor"]
[Black "Hracek, Zbynek"]
[Result "1/2-1/2"]
[WhiteElo "2579"]
[BlackElo "2610"]
[PlyCount "63"]
[EventDate "2001.10.06"]
[EventType "team"]
[EventRounds "15"]
[EventCountry "GER"]
[SourceTitle "Bundesliga 0102"]
[Source "DeepChess"]
[SourceDate "2005.01.01"]
[SourceVersion "1"]
[SourceVersionDate "2005.01.01"]
[SourceQuality "1"]
[WhiteTeam "TV Tegernsee"]
[BlackTeam "SAbt SV Werder Bremen"]
[WhiteTeamCountry "GER"]
[BlackTeamCountry "GER"]

1. d4 Nf6 2. c4 e6 3. Nf3 b6 4. a3 Ba6 5. Qc2 Bb7 6. Nc3 c5 7. e4 cxd4 8. Nxd4
Bc5 9. Nb3 Nc6 10. Bg5 h6 11. Bh4 Nd4 12. Nxd4 Bxd4 13. Bd3 Qb8 14. Bg3 Be5 15.
O-O-O O-O 16. Kb1 Rc8 17. Qe2 d6 18. Bxe5 dxe5 19. Qe3 Bc6 20. Rd2 a6 21. f3
Be8 22. Rhd1 Qc7 23. Be2 Nd7 24. Rd6 Nc5 25. b4 Nd7 26. Kb2 Qb7 27. Na4 Rc6 28.
Rxc6 Qxc6 29. Rxd7 Qxd7 30. Nxb6 Qa7 31. c5 Rd8 32. a4 1/2-1/2

[Event "Bundesliga 0102"]
[Site "Deutschland"]
[Date "2001.10.06"]
[Round "1.3"]
[White "Sokolov, Andrei"]
[Black "Schandorff, Lars"]
[Result "1/2-1/2"]
[WhiteElo "2604"]
[BlackElo "2551"]
[PlyCount "160"]
[EventDate "2001.10.06"]
[EventType "team"]
[EventRounds "15"]
[EventCountry "GER"]
[SourceTitle "Bundesliga 0102"]
[Source "DeepChess"]
[SourceDate "2005.01.01"]
[SourceVersion "1"]
[SourceVersionDate "2005.01.01"]
[SourceQuality "1"]
[WhiteTeam "TV Tegernsee"]
[BlackTeam "SAbt SV Werder Bremen"]
[WhiteTeamCountry "GER"]
[BlackTeamCountry "GER"]

1. e4 e5 2. Nf3 Nf6 3. d4 Nxe4 4. Bd3 d5 5. Nxe5 Nd7 6. Nc3 Nxc3 7. bxc3 Bd6 8.
O-O O-O 9. Re1 Bxe5 10. dxe5 Nc5 11. Rb1 Nxd3 12. cxd3 b6 13. Rb4 f5 14. exf6
Qxf6 15. Rf4 Bf5 16. Bd2 Qd6 17. Qf3 Bd7 18. Qh5 c6 19. Re5 Rxf4 20. Bxf4 Qf6
21. Bg3 Qf7 22. Qe2 Re8 23. h3 h6 24. d4 b5 25. Kh2 Kh7 26. f3 a5 27. Qe3 a4
28. Rxe8 Qxe8 29. Qf4 Qe6 30. Qf8 Qe8 31. Qf4 Qe6 32. Qf8 Qe8 33. Qd6 Qe6 34.
Qc7 Qf7 35. Be5 Be8 36. Qd6 Bd7 37. Qc7 Be8 38. Qd6 Bd7 39. Qb8 Qe8 40. Qa7 Qf7
41. Qb8 Qe8 42. Qb6 Qf7 43. Bg3 Qe8 44. Qc7 Qf7 45. Kg1 Qf5 46. a3 Qb1+ 47. Kh2
Qf5 48. Be5 Qf7 49. Kg1 Qf5 50. Qd8 Qf7 51. Kf2 Be6 52. g4 Qd7 53. Qf8 Qf7 54.
Qd8 Qd7 55. Qa8 Qc8 56. Qa7 Qd7 57. Qa8 Qc8 58. Qa7 Qd7 59. Qc5 Kg8 60. Kg3 h5
61. Qb4 hxg4 62. hxg4 Bf7 63. Qc5 Be6 64. Qb6 Qc8 65. Qa7 Qd7 66. Qb6 Qc8 67.
Bf4 Bf7 68. Bd6 Qe8 69. Kf2 Qc8 70. Qa7 Qd8 71. Qe7 Qxe7 72. Bxe7 Bg6 73. Kg3
Kf7 74. Bc5 Bd3 75. Kh4 Be2 76. Kg3 g5 77. f4 gxf4+ 78. Kxf4 Ke6 79. Bb4 Bd1
80. Kg5 Be2 1/2-1/2

[Event "Bundesliga 0102"]
[Site "Deutschland"]
[Date "2001.10.06"]
[Round "1.5"]
[White "Nataf, Igor Alexandre"]
[Black "Pelletier, Yannick"]
[Result "1/2-1/2"]
[WhiteElo "2527"]
[BlackElo "2531"]
[PlyCount "57"]
[EventDate "2001.10.06"]
[EventType "team"]
[EventRounds "15"]
[EventCountry "GER"]
[SourceTitle "Bundesliga 0102"]
[Source "DeepChess"]
[SourceDate "2005.01.01"]
[SourceVersion "1"]
[SourceVersionDate "2005.01.01"]
[SourceQuality "1"]
[WhiteTeam "TV Tegernsee"]
[BlackTeam "SAbt SV Werder Bremen"]
[WhiteTeamCountry "GER"]
[BlackTeamCountry "GER"]

1. e4 e6 2. d4 d5 3. Nc3 Bb4 4. exd5 exd5 5. Bd3 Nc6 6. a3 Bxc3+ 7. bxc3 Be6 8.
Rb1 Qe7 9. Ne2 O-O-O 10. O-O Bg4 11. f3 Bh5 12. Bf5+ Kb8 13. Qd3 b6 14. Bf4 g5
15. Bd2 Bg6 16. Ng3 Qf6 17. Bxg6 fxg6 18. f4 g4 19. f5 Nge7 20. fxg6 Qxg6 21.
Qxg6 Nxg6 22. Rf5 Na5 23. Re1 Nc4 24. Bc1 Rhe8 25. Rxe8 Rxe8 26. Kf2 Rf8 27.
Kg1 Re8 28. Kf2 Rf8 29. Kg1 1/2-1/2

[Event "Bundesliga 0102"]
[Site "Deutschland"]
[Date "2001.10.06"]
[Round "1.6"]
[White "Knaak, Rainer"]
[Black "Teske, Henrik"]
[Result "1/2-1/2"]
[WhiteElo "2494"]
[BlackElo "2486"]
[PlyCount "160"]
[EventDate "2001.10.06"]
[EventType "team"]
[EventRounds "15"]
[EventCountry "GER"]
[SourceTitle "Bundesliga 0102"]
[Source "DeepChess"]
[SourceDate "2005.01.01"]
[SourceVersion "1"]
[SourceVersionDate "2005.01.01"]
[SourceQuality "1"]
[WhiteTeam "SAbt SV Werder Bremen"]
[BlackTeam "TV Tegernsee"]
[WhiteTeamCountry "GER"]
[BlackTeamCountry "GER"]

1. d4 d5 2. c4 c6 3. Nf3 dxc4 4. e3 Be6 5. Nbd2 Qa5 6. Be2 Nd7 7. O-O Nb6 8.
Ne4 Qd5 9. Nc5 Nf6 10. Ne5 Bc8 11. Qc2 e6 12. Bf3 Qd8 13. Nxc4 Nxc4 14. Qxc4
Be7 15. b4 O-O 16. Bb2 Qc7 17. Nd3 Bd7 18. Rfc1 Rfc8 19. a4 Be8 20. Qb3 a6 21.
Rc4 Qd8 22. Rac1 Nd5 23. e4 Nc7 24. R4c2 Bf8 25. Rd1 Qe7 26. g3 Rd8 27. Kg2
Rab8 28. Re2 Qd6 29. Qc3 Na8 30. Nc5 Nb6 31. Bc1 Qc7 32. Bf4 Bd6 33. Bxd6 Qxd6
34. Red2 Qe7 35. e5 Nd5 36. Qb3 Ra8 37. a5 Qc7 38. Rb2 b6 39. axb6 Qxb6 40.
Bxd5 cxd5 41. Ra1 Rdb8 42. Qc3 Bb5 43. Ra5 Qd8 44. h4 Rb6 45. Rba2 h6 46. Qd2
Rab8 47. R2a3 Bc4 48. R5a4 Bb5 49. Ra5 Bc4 50. R3a4 Qe7 51. Qc3 Bb5 52. Ra1 Bc4
53. R5a4 Bb5 54. R4a3 Bc4 55. Rb1 Qd8 56. Qd2 Qe7 57. Kh3 Rf8 58. Rg1 Rfb8 59.
g4 Rxb4 60. g5 Rb1 61. Rag3 hxg5 62. Rxb1 Rxb1 63. hxg5 g6 64. Kh2 Bf1 65. Qc2
Re1 66. Qb3 Qc7 67. Qa4 Bb5 68. Qb4 Re2 69. Kg2 Qd8 70. Qc3 Ra2 71. Qc1 Qa5 72.
Nxe6 Bd7 73. Nc5 Bf5 74. e6 Qc7 75. exf7+ Kxf7 76. Rf3 Qe7 77. Qf4 Re2 78. Qh4
Kg8 79. Qh6 Re4 80. Nxe4 Bxe4 1/2-1/2

[Event "Bundesliga 0102"]
[Site "Deutschland"]
[Date "2001.10.06"]
[Round "1.7"]
[White "Stangl, Markus"]
[Black "Joachim, Sven"]
[Result "1/2-1/2"]
[WhiteElo "2457"]
[BlackElo "2443"]
[PlyCount "82"]
[EventDate "2001.10.06"]
[EventType "team"]
[EventRounds "15"]
[EventCountry "GER"]
[SourceTitle "Bundesliga 0102"]
[Source "DeepChess"]
[SourceDate "2005.01.01"]
[SourceVersion "1"]
[SourceVersionDate "2005.01.01"]
[SourceQuality "1"]
[WhiteTeam "TV Tegernsee"]
[BlackTeam "SAbt SV Werder Bremen"]
[WhiteTeamCountry "GER"]
[BlackTeamCountry "GER"]

1. c4 Nf6 2. Nc3 e5 3. Nf3 Nc6 4. g3 Bb4 5. Nd5 Bc5 6. Bg2 O-O 7. O-O d6 8. e3
a6 9. d4 Ba7 10. Nxf6+ Qxf6 11. d5 Nb8 12. e4 Bg4 13. h3 Bxf3 14. Bxf3 Nd7 15.
Kg2 Qe7 16. h4 Bd4 17. Bg5 f6 18. Bc1 Nc5 19. Qc2 Qd7 20. Rb1 a5 21. b3 c6 22.
dxc6 bxc6 23. a3 a4 24. b4 Nb3 25. Qe2 Rad8 26. Bg4 Qf7 27. f4 Nxc1 28. Rbxc1
exf4 29. Rcd1 f3+ 30. Rxf3 Be5 31. b5 Qb7 32. Rb1 Rfe8 33. Qc2 cxb5 34. cxb5 d5
35. exd5 Rxd5 36. b6 Rd4 37. Rb4 Rxb4 38. axb4 Qxb6 39. Qxa4 Rd8 40. Qb3+ Kf8
41. Rd3 Rxd3 1/2-1/2

[Event "Bundesliga 0102"]
[Site "Deutschland"]
[Date "2001.10.06"]
[Round "1.8"]
[White "Meins, Gerlef"]
[Black "Kachiani Gersinska, Ketino"]
[Result "1-0"]
[WhiteElo "2415"]
[BlackElo "2453"]
[PlyCount "129"]
[EventDate "2001.10.06"]
[EventType "team"]
[EventRounds "15"]
[EventCountry "GER"]
[SourceTitle "Bundesliga 0102"]
[Source "DeepChess"]
[SourceDate "2005.01.01"]
[SourceVersion "1"]
[SourceVersionDate "2005.01.01"]
[SourceQuality "1"]
[WhiteTeam "SAbt SV Werder Bremen"]
[BlackTeam "TV Tegernsee"]
[WhiteTeamCountry "GER"]
[BlackTeamCountry "GER"]

1. d4 Nf6 2. c4 g6 3. Nc3 Bg7 4. e4 d6 5. Be2 O-O 6. Bg5 h6 7. Be3 Nbd7 8. Qd2
c5 9. d5 Kh7 10. Nf3 a6 11. O-O Ng4 12. Bf4 Nge5 13. Nxe5 Nxe5 14. a4 Qa5 15.
Qc1 f5 16. Bd2 Qd8 17. f4 Ng4 18. Bxg4 fxg4 19. Ne2 e6 20. Bc3 Qe7 21. Qe3 exd5
22. cxd5 Bd7 23. e5 Bf5 24. Ng3 Rae8 25. Rfe1 b6 26. b4 Qf7 27. Qd2 dxe5 28.
fxe5 cxb4 29. Bb2 Rd8 30. Rad1 b3 31. e6 Bxe6 32. Bxg7 Kxg7 33. Qb2+ Qf6 34.
Qxf6+ Rxf6 35. dxe6 Rxe6 36. Rf1 Red6 37. Rb1 Rd3 38. Ne4 R8d4 39. Nf2 Rc3 40.
Nd1 Rcd3 41. Nb2 Rd2 42. Rbd1 h5 43. Rxd2 Rxd2 44. Rf2 Rd4 45. Kf1 h4 46. Ke2
h3 47. g3 a5 48. Ke3 Rd5 49. Ke4 Rh5 50. Kd4 b5 51. Kc3 bxa4 52. Nxa4 Rb5 53.
Kb2 Rf5 54. Re2 Rf3 55. Nc5 Kf6 56. Nxb3 a4 57. Nc5 a3+ 58. Ka2 Kf5 59. Nb3 Rf1
60. Kxa3 Rg1 61. Kb2 Rg2 62. Nd4+ Kf6 63. Kc3 Rxe2 64. Nxe2 Ke5 65. Kd3 1-0

[Event "Bundesliga 0102"]
[Site "Deutschland"]
[Date "2001.10.06"]
[Round "1.1"]
[White "Hickl, Joerg"]
[Black "Lamprecht, Frank"]
[Result "1/2-1/2"]
[WhiteElo "2600"]
[BlackElo "2399"]
[PlyCount "91"]
[EventDate "2001.10.06"]
[EventType "team"]
[EventRounds "15"]
[EventCountry "GER"]
[SourceTitle "Bundesliga 0102"]
[Source "DeepChess"]
[SourceDate "2005.01.01"]
[SourceVersion "1"]
[SourceVersionDate "2005.01.01"]
[SourceQuality "1"]
[WhiteTeam "Stuttgarter SF 1879"]
[BlackTeam "SC Koenigsspringer 1984 Hamburg"]
[WhiteTeamCountry "GER"]
[BlackTeamCountry "GER"]

1. g3 d5 2. Bg2 Nf6 3. Nf3 Bg4 4. c4 c6 5. Qb3 Qb6 6. d3 Nbd7 7. Be3 Qxb3 8.
axb3 a6 9. h3 Bxf3 10. Bxf3 e6 11. O-O Bc5 12. Bd2 O-O 13. Bc3 Rfd8 14. Rc1 Be7
15. b4 Ne8 16. Nd2 Bf6 17. Nb3 Bxc3 18. Rxc3 Rac8 19. Bg2 Kf8 20. f4 Nb8 21.
Kf2 Rc7 22. Rc2 Ke7 23. Rac1 Kd7 24. Bf3 Kc8 25. g4 dxc4 26. dxc4 Rcd7 27. Ke1
Re7 28. Rc3 Kc7 29. Kf2 Red7 30. Ke1 Re7 31. Re3 Nd6 32. Rd3 Nc8 33. Rcd1 Rxd3
34. exd3 e5 35. fxe5 Rxe5+ 36. Kf2 Nd7 37. d4 Re7 38. Nc5 Nd6 39. b3 Nf6 40.
Rd3 h6 41. Re3 Rxe3 42. Kxe3 Ng8 43. Kf4 Ne7 44. h4 g5+ 45. hxg5 Ng6+ 46. Ke3
1/2-1/2

[Event "Bundesliga 0102"]
[Site "Deutschland"]
[Date "2001.10.06"]
[Round "1.2"]
[White "Pajeken, Wolfgang"]
[Black "Gabriel, Christian"]
[Result "0-1"]
[WhiteElo "2339"]
[BlackElo "2545"]
[PlyCount "98"]
[EventDate "2001.10.06"]
[EventType "team"]
[EventRounds "15"]
[EventCountry "GER"]
[SourceTitle "Bundesliga 0102"]
[Source "DeepChess"]
[SourceDate "2005.01.01"]
[SourceVersion "1"]
[SourceVersionDate "2005.01.01"]
[SourceQuality "1"]
[WhiteTeam "SC Koenigsspringer 1984 Hamburg"]
[BlackTeam "Stuttgarter SF 1879"]
[WhiteTeamCountry "GER"]
[BlackTeamCountry "GER"]

1. d4 d5 2. c4 e6 3. Nf3 Nf6 4. Bg5 Be7 5. e3 h6 6. Bh4 O-O 7. Nc3 b6 8. cxd5
Nxd5 9. Bxe7 Qxe7 10. Nxd5 exd5 11. Be2 Be6 12. O-O c5 13. Rc1 Rc8 14. Qa4 c4
15. Ne5 Nd7 16. Qc2 b5 17. Rce1 b4 18. f4 f6 19. Ng6 Qd6 20. f5 Bf7 21. Nf4 Re8
22. Rf3 Re7 23. Rg3 Nb6 24. Bg4 Qxf4 25. exf4 Rxe1+ 26. Kf2 Re4 27. Qd2 a5 28.
Rh3 Nc8 29. Bf3 Nd6 30. g4 Rc8 31. Bg2 Ree8 32. g5 Nxf5 33. gxf6 g6 34. Rf3 Re6
35. a3 Rb8 36. axb4 axb4 37. Qc1 Reb6 38. Qa1 Rxf6 39. Qa7 Rfb6 40. Bh3 Nxd4
41. Re3 c3 42. bxc3 b3 43. cxd4 b2 44. Bf5 gxf5 45. Rg3+ Kf8 46. Qa3+ Ke8 47.
Re3+ Be6 48. Qa4+ Kf7 49. Rxe6 Kxe6 0-1

[Event "Bundesliga 0102"]
[Site "Deutschland"]
[Date "2001.10.06"]
[Round "1.4"]
[White "Trisic, Alexandar"]
[Black "Buhmann, Rainer"]
[Result "0-1"]
[WhiteElo "2316"]
[BlackElo "2498"]
[PlyCount "71"]
[EventDate "2001.10.06"]
[EventType "team"]
[EventRounds "15"]
[EventCountry "GER"]
[SourceTitle "Bundesliga 0102"]
[Source "DeepChess"]
[SourceDate "2005.01.01"]
[SourceVersion "1"]
[SourceVersionDate "2005.01.01"]
[SourceQuality "1"]
[WhiteTeam "SC Koenigsspringer 1984 Hamburg"]
[BlackTeam "Stuttgarter SF 1879"]
[WhiteTeamCountry "GER"]
[BlackTeamCountry "GER"]

1. e4 e6 2. d4 d5 3. Nc3 Nf6 4. Bg5 dxe4 5. Nxe4 Be7 6. Nxf6+ Bxf6 7. Bxf6 Qxf6
8. Nf3 O-O 9. Bd3 c5 10. c3 cxd4 11. Nxd4 e5 12. Nb5 e4 13. Bxe4 Bd7 14. Qe2
Na6 15. O-O Rae8 16. Nd4 Qf4 17. Rae1 Nc5 18. Bxh7+ Kxh7 19. Qh5+ Kg8 20. Qxc5
Rxe1 21. Rxe1 Qd2 22. Nf3 Qxb2 23. Qxa7 Bc6 24. Qd4 Qxa2 25. Ng5 f6 26. Nh3 Kf7
27. Nf4 Re8 28. Nd3 Rxe1+ 29. Nxe1 Qe2 30. Qe3 Qd1 31. f3 Qd5 32. Kf2 Qh5 33.
h3 Qh4+ 34. Kf1 Bb5+ 35. Kg1 Qc4 36. Kh2 0-1

[Event "Bundesliga 0102"]
[Site "Deutschland"]
[Date "2001.10.06"]
[Round "1.5"]
[White "Schmittdiel, Eckhard"]
[Black "Buhr, Carl Christian"]
[Result "1-0"]
[WhiteElo "2490"]
[BlackElo "2394"]
[PlyCount "73"]
[EventDate "2001.10.06"]
[EventType "team"]
[EventRounds "15"]
[EventCountry "GER"]
[SourceTitle "Bundesliga 0102"]
[Source "DeepChess"]
[SourceDate "2005.01.01"]
[SourceVersion "1"]
[SourceVersionDate "2005.01.01"]
[SourceQuality "1"]
[WhiteTeam "Stuttgarter SF 1879"]
[BlackTeam "SC Koenigsspringer 1984 Hamburg"]
[WhiteTeamCountry "GER"]
[BlackTeamCountry "GER"]

1. e4 c5 2. c3 e5 3. Nf3 Nc6 4. Bc4 Qc7 5. d3 Nf6 6. Bg5 Be7 7. Na3 a6 8. Nc2
b5 9. Bb3 Na5 10. Bxf6 Bxf6 11. Bd5 Nc6 12. Ne3 Rb8 13. h4 h6 14. Qb3 d6 15. g4
Na5 16. Qc2 Be6 17. Ke2 c4 18. g5 Be7 19. b3 cxd3+ 20. Qxd3 Rc8 21. Kd2 Qb6 22.
Ke2 Qc7 23. gxh6 Rxh6 24. Rac1 Nb7 25. b4 Bxd5 26. exd5 g6 27. h5 f5 28. Nd2 e4
29. Qd4 f4 30. Ng4 f3+ 31. Kd1 Rxh5 32. Rxh5 gxh5 33. Qh8+ Bf8 34. Nf6+ Kf7 35.
Ndxe4 Qc4 36. Qxh5+ Ke7 37. Qh7+ 1-0

[Event "Bundesliga 0102"]
[Site "Deutschland"]
[Date "2001.10.06"]
[Round "1.6"]
[White "Voigt, Martin"]
[Black "Duppel, Matthias"]
[Result "0-1"]
[WhiteElo "2300"]
[BlackElo "2455"]
[PlyCount "104"]
[EventDate "2001.10.06"]
[EventType "team"]
[EventRounds "15"]
[EventCountry "GER"]
[SourceTitle "Bundesliga 0102"]
[Source "DeepChess"]
[SourceDate "2005.01.01"]
[SourceVersion "1"]
[SourceVersionDate "2005.01.01"]
[SourceQuality "1"]
[WhiteTeam "SC Koenigsspringer 1984 Hamburg"]
[BlackTeam "Stuttgarter SF 1879"]
[WhiteTeamCountry "GER"]
[BlackTeamCountry "GER"]

1. e4 e6 2. d4 d5 3. Nc3 Nf6 4. e5 Nfd7 5. f4 c5 6. Nf3 Nc6 7. Be3 a6 8. Qd2
cxd4 9. Nxd4 Bc5 10. O-O-O O-O 11. h4 Nxd4 12. Bxd4 b5 13. Kb1 b4 14. Na4 Bxd4
15. Qxd4 a5 16. Bb5 Rb8 17. c4 bxc3 18. Nxc3 Qb6 19. a4 Nc5 20. Rc1 Nxa4 21.
Qxa4 Bd7 22. Rh3 Bxb5 23. Qxb5 Qxb5 24. Nxb5 Rxb5 25. Rhc3 h5 26. g4 Rb4 27.
Rf1 Rfb8 28. Rf2 Rb3 29. Rxb3 Rxb3 30. gxh5 Rh3 31. Kc2 Kh7 32. Rf1 Kh6 33. Ra1
Rxh4 34. f5 a4 35. fxe6 fxe6 36. Rg1 Rxh5 37. Rg4 Rxe5 38. Rxa4 g5 39. Ra8 Re4
40. Kc3 Rc4+ 41. Kd3 Kg6 42. b3 Rc1 43. Kd4 Kf6 44. Rf8+ Ke7 45. Rg8 Rb1 46.
Rg7+ Kf6 47. Rb7 g4 48. Rb8 g3 49. Rf8+ Ke7 50. Rg8 Rxb3 51. Rg7+ Kd6 52. Rxg3
e5# 0-1

[Event "Bundesliga 0102"]
[Site "Deutschland"]
[Date "2001.10.06"]
[Round "1.7"]
[White "Volke, Karsten"]
[Black "Von Buelow, Georg"]
[Result "1-0"]
[WhiteElo "2467"]
[BlackElo "2298"]
[PlyCount "127"]
[EventDate "2001.10.06"]
[EventType "team"]
[EventRounds "15"]
[EventCountry "GER"]
[SourceTitle "Bundesliga 0102"]
[Source "DeepChess"]
[SourceDate "2005.01.01"]
[SourceVersion "1"]
[SourceVersionDate "2005.01.01"]
[SourceQuality "1"]
[WhiteTeam "Stuttgarter SF 1879"]
[BlackTeam "SC Koenigsspringer 1984 Hamburg"]
[WhiteTeamCountry "GER"]
[BlackTeamCountry "GER"]

1. e4 e5 2. Nf3 Nc6 3. Bb5 a6 4. Ba4 Nf6 5. O-O Be7 6. Re1 b5 7. Bb3 d6 8. c3
O-O 9. h3 Bb7 10. d4 Re8 11. Nbd2 Bf8 12. d5 Nb8 13. Nf1 Nbd7 14. N3h2 Nc5 15.
Bc2 c6 16. b4 Ncd7 17. dxc6 Bxc6 18. Ng4 Nxg4 19. hxg4 Nb6 20. Qd3 g6 21. Bb3
d5 22. Ng3 Bg7 23. Rd1 Nc4 24. exd5 e4 25. Qe2 Bxd5 26. Bxc4 bxc4 27. Nf1 Ra7
28. Be3 Rd7 29. Bd4 Qg5 30. Bxg7 Kxg7 31. Rd4 f5 32. g3 e3 33. gxf5 exf2+ 34.
Qxf2 Qxf5 35. Qxf5 gxf5 36. Rad1 Red8 37. Kf2 Kf6 38. Rh4 Be4 39. Rh6+ Ke5 40.
Rxd7 Rxd7 41. Rxa6 Rd3 42. Ra5+ Ke6 43. Ra3 Rf3+ 44. Ke2 h5 45. Ra6+ Kd7 46.
Ra3 Kc6 47. Ra5 Rxc3 48. Ne3 h4 49. gxh4 f4 50. Rc5+ Kd7 51. Nxc4 Bd3+ 52. Kd2
Rxc4 53. Kxd3 Rxb4 54. h5 Kd6 55. Rc2 Kd5 56. h6 Rd4+ 57. Ke2 Ke4 58. h7 Rd8
59. a4 Rh8 60. Rc7 Rb8 61. Re7+ Kf5 62. Rg7 Rb2+ 63. Kd3 Rh2 64. a5 1-0